000 01018nam a22003137a 4500
003 CHAP
005 20220329133805.0
008 971013s1985 r 00010 d
010 _a10939
011 _a11911
035 _a11733
040 _cCHAP
090 _aTesis
100 0 0 _aMazcorro Velarde, Elvira.
_973316
245 _aPanorama global de la ganadería mexicana (1960-1980)
260 _aChapingo, Méx. :
_bEl autor,
_c1985
300 _a106 p.
_e+ Anexo
502 _aTesis (Ing. Agr. Esp. en Sociología Rural) -- UACH. Departamento de Sociología Rural
590 _aALEPH
_b10
_c20130110
_lUCH01
_h1227
590 _aBATCH-UPD
_b10
_c20130110
_lUCH01
_h1226
590 _aBATCH-UPD
_b10
_c20130410
_lUCH01
_h0758
590 _aBATCH-UPD
_b10
_c20130914
_lUCH01
_h1455
590 _aCONVERSION
_b10
_c20130109
_lUCH01
_h1307
650 1 4 _aGanadería
_zMéxico.
_944867
901 _aBK
942 _cTESIS
949 _bBC
_cTES
_d-146738
_eTS1
_h17197
_i11733
_si
949 _bZ
_cTESBD
_d-23830
_eTS1
_i11733
_si
999 _c10939
_d10939